Kazakhstan Quiz - Statistics

General Stats
  • This quiz has been taken 136 times
  • The average score is 10 of 14
Answer Stats
Hint Answer % Correct
Bordering country 1 Russia
97%
Bordering country 3 Uzbekistan
95%
Bordering country 2 China
94%
Capital City Astana
92%
Bordering country 5 Turkmenistan
91%
Predominant religion(~70%) Islam
85%
Former capital city and largest city Almaty
81%
Bordering country 4 Kyrgyzstan
76%
Former state of the ___ ___ until 1991 Soviet Union
72%
Land mass rank 9th
66%
What fruit is thought to have originated in Kazakhstan? Apple
48%
Kazakhstan is the largest ____ country Landlocked
47%
The Kazakhstan National Football team plays in what confederation? UEFA
30%
The city of Baikonur is famous for what? Baikonur Cosmodrome
14%
No matching quizzes found
Score Distribution
Percent of People with Each Score
Percentile by Number Answered
Your Score History
You have not taken this quiz